书目信息 |
| 题名: |
犯罪心理学
|
|
| 作者: | 梅传强 主编 ;王敏 , 宋小明 撰稿 | |
| 分册: | ||
| 出版信息: | 北京 中国法制出版社 2007.02 |
|
| 页数: | 287页 | |
| 开本: | 23cm | |
| 丛书名: | ||
| 单 册: | ||
| 中图分类: | D917.2 | |
| 科图分类: | ||
| 主题词: | 犯罪心理学--fan zui xin li xue--教材 | |
| 电子资源: | ||
| ISBN: | 978-7-80226-758-9 | |
| 000 | 00987nam0 2200265 450 | |
| 001 | 012008936469 | |
| 005 | 20100607114532.67 | |
| 010 | @a978-7-80226-758-9@dCNY28.00 | |
| 100 | @a20080509d2007 em y0chiy0120 ea | |
| 101 | 0 | @achi |
| 102 | @aCN@b110000 | |
| 105 | @ay a 000yy | |
| 200 | 1 | @a犯罪心理学@Afan zui xin li xue@f梅传强主编@Fmei chuan qiang zhu bian@g梅传强, 王敏, 宋小明撰稿@Gmei chuan qiang,wang min,song xiao ming zhuan gao |
| 210 | @a北京@c中国法制出版社@d2007.02 | |
| 215 | @a287页@d23cm | |
| 300 | @a现代法学教材 | |
| 320 | @a有书目 (第286-287页) | |
| 330 | @a本书内容包括:犯罪心理学的研究对象、任务和方法,犯罪心理学的研究历史与现状,有关犯罪原因的主要理论流派,犯罪心理生成机制概述等。 | |
| 606 | 0 | @a犯罪心理学@Afan zui xin li xue@j教材 |
| 690 | @aD917.2@v4 | |
| 701 | 0 | @a梅传强@Amei chuan qiang@4主编 |
| 702 | 0 | @a王敏@Awang min@4撰稿 |
| 702 | 0 | @a宋小明@Asong xiao ming@4撰稿 |
| 801 | 0 | @aCN@bQSSK@c20100607 |
| 905 | @b709118-20@dD917.2@eM430@f3 | |
| 犯罪心理学/梅传强主编/梅传强, 王敏, 宋小明撰稿.-北京:中国法制出版社,2007.02 |
| 287页;23cm |
| 现代法学教材 |
| ISBN 978-7-80226-758-9:CNY28.00 |
| 本书内容包括:犯罪心理学的研究对象、任务和方法,犯罪心理学的研究历史与现状,有关犯罪原因的主要理论流派,犯罪心理生成机制概述等。 |
| ● |
| 相关链接 |
|
|
|
正题名:犯罪心理学
索取号:D917.2/M430
 
预约/预借
| 序号 | 登录号 | 条形码 | 馆藏地/架位号 | 状态 | 备注 |
| 1 | 469477 | 204694777 | 社科库509/509社科库 82排6列4层/ [索取号:D917.2/M430] | 在馆 | |
| 2 | 470120 | 204701206 | 社科库509/509社科库 82排6列2层/ [索取号:D917.2/M430] | 在馆 | |
| 3 | 709118 | 207091181 | 社科库509/509社科库 82排6列4层/ [索取号:D917.2/M430] | 在馆 | |
| 4 | 709119 | 207091190 | 社科库509/422社科库 41排4列5层/ [索取号:D917.2/M430] | 在馆 | |
| 5 | 709120 | 207091207 | 社科库509/509社科库 82排6列4层/ [索取号:D917.2/M430] | 在馆 |